[Event "Wch U10 Girls rapid"]
[Site "Minsk"]
[Date "2018.06.22"]
[Round "3"]
[White "Matveeva, Kseniia"]
[Black "Shukhman, Anna"]
[Result "0-1"]
[WhiteElo "1359"]
[BlackElo "1454"]
[PlyCount "82"]
[EventDate "2018.06.22"]
[EventType "swiss (rapid)"]
[EventRounds "9"]
[EventCountry "BLR"]
[SourceTitle "EXT 2019"]
[Source "ChessBase"]
[SourceDate "2018.10.10"]
[SourceVersion "1"]
[SourceVersionDate "2018.10.10"]
[SourceQuality "1"]

1. d4 Nf6 2. c4 g6 3. Nc3 Bg7 4. e4 d6 5. f4 0-0 6. Nf3 c5 7. d5 e6 8. dxe6 fxe6 9. Bd3 Nc6 10. 0-0 a6 11. a3 Qc7 12. Ng5 Nd4 13. Qe1 Bd7 14. Be3 h6 15. Nf3 Ng4 16. Bxd4 cxd4 17. Ne2 Ne3 18. Rf2 e5 19. Nd2 Rac8 20. Nf1 Qb6 21. Rb1 Nxc4 22. Bxc4+ Rxc4 23. Nd2 Rcc8 24. Rf3 d3+ 25. Kh1 dxe2 26. Qxe2 exf4 27. Qf1 g5 28. Nc4 Qd4 29. b3 Bb5 30. Rd3 Bxc4 31. bxc4 Qxe4 32. Rxd6 Rfd8 33. Rxd8+ Rxd8 34. h3 Rd2 35. Re1 Qc6 36. Rc1 f3 37. gxf3 Be5 38. Re1 Rh2+ 39. Kg1 Qc5+ 40. Re3 Qxe3+ 41. Qf2 Qxf2# 0-1